Hunger Games Quiz - Statistics

General Stats
  • This quiz has been taken 924 times
    922 since last reset
  • The average score is 11 of 15
Answer Stats
Hint Answer % Correct
Who is the main character? Katniss
100%
Who kills Marvel? Katniss
100%
The boy with the bread Peeta
99%
President of Panem Snow
95%
Drunken Mentor Haymitch
94%
Who kills Rue? Marvel
81%
What weapon is used to kill Rue? spear
78%
Peppy Escort Effie Trinket
76%
Tributes from 12 Katniss and Peeta
76%
Tributes from 2 Cato and Clove
71%
Tributes from 11 Thresh and Rue
70%
Head Gamemaker Seneca Crane
68%
Tributes from 1 Glimmer and Marvel
63%
What kills Cato? arrow
46%
Design on Seneca's Beard swirls
12%
No matching quizzes found
Score Distribution
Percent of People with Each Score
Percentile by Number Answered
Your Score History
You have not taken this quiz since the last reset